Profiles in indian tourism / (Record no. 126799)

MARC details
000 -LEADER
fixed length control field 00790nam a22002417a 4500
005 - DATE AND TIME OF LATEST TRANSACTION
control field 20170124110015.0
010 ## - LIBRARY OF CONGRESS CONTROL NUMBER
LC control number A-778986
020 ## - INTERNATIONAL STANDARD BOOK NUMBER
Terms of availability 00.00
International Standard Book Number 8170247489
035 ## - SYSTEM CONTROL NUMBER
System control number A-778986
037 ## - SOURCE OF ACQUISITION
Source of stock number/acquisition Cen Lib/Ret
040 ## - CATALOGING SOURCE
Original cataloging agency DPL
Language of cataloging EN
082 ## - DEWEY DECIMAL CLASSIFICATION NUMBER
Classification number 338.47910954
Item number PRO
245 ## - TITLE STATEMENT
Title Profiles in indian tourism /
Statement of responsibility, etc edited by shalini Singh [and] Tejvir Singh
260 ## - PUBLICATION, DISTRIBUTION, ETC. (IMPRINT)
Name of publisher, distributor, etc APH Publishing Corporation
Date of publication, distribution, etc 1996
Place of publication, distribution, etc New Delhi
270 ## - ADDRESS
City New Delhi
Address 5, asari road, dariya ganj
Postal code 110002
300 ## - PHYSICAL DESCRIPTION
Extent xiii, 215p.
Dimensions 21cm(Hb)
500 ## - GENERAL NOTE
General note Includes bibliographical references and index
650 ## - SUBJECT ADDED ENTRY--TOPICAL TERM
Topical term or geographic name as entry element Tourism
9 (RLIN) 18517
650 ## - SUBJECT ADDED ENTRY--TOPICAL TERM
Topical term or geographic name as entry element Tourism
General subdivision Government policy
9 (RLIN) 18518
700 ## - ADDED ENTRY--PERSONAL NAME
Personal name Singh, Shalini
9 (RLIN) 1508
700 ## - ADDED ENTRY--PERSONAL NAME
Personal name Tejvir Singh
9 (RLIN) 18519
942 ## - ADDED ENTRY ELEMENTS (KOHA)
Source of classification or shelving scheme Dewey Decimal Classification
Koha item type English Books
Classification part 338.47910954
Call number suffix PRO
Holdings
Withdrawn status Lost status Damaged status Not for loan Home library Current library Date acquired Source of acquisition Cost, normal purchase price Total Checkouts Full call number Barcode Date last seen Copy number Cost, replacement price Price effective from Koha item type Public note
Written off       Central Library Central Library 26/06/2015 Cen Lib/Ret 0.00   338.47910954 PRO A-778986 26/06/2015 1 0.00 26/06/2015 English Books Written off on approval by DLB (By Circulation); dtd 15-06-2023

© Delhi Public Library
Hit Counter
free hit counter